| 000 | 00790nam a2200205 i 4500 | ||
|---|---|---|---|
| 001 | 83443 | ||
| 003 | ES-MaACL | ||
| 005 | 20251005063056.0 | ||
| 007 | t| | ||
| 008 | 041116s1915 sp ||||1| spa d | ||
| 100 | 1 |
_aJaccaci, August F., _d1857-1930 _966140 |
|
| 245 | 1 | 3 |
_aEl camino de Don Quijote _b: (por tierras de La Mancha) / _cpor August F. Jaccaci ; traducción e ilustraciones de Ramón Jaén. |
| 260 |
_aMadrid : _bLa Lectura, _c[1915] ( _fImp. Clásica Española) |
||
| 300 |
_a204 p., 19 lám. ; _c18 cm. |
||
| 600 | 1 | 4 |
_aCervantes Saavedra, Miguel de, _d1547-1616. _tDon Quijote de la Mancha _937612 |
| 651 | 4 |
_aCiudad Real (Provincia)- _xDescripción. _9153471 |
|
| 700 | 1 |
_aJaén, Ramón, _d1883-1919 _965901 |
|
| 852 |
_aES-MaACL _jF-9598 |
||
| 999 |
_c83443 _d83443 |
||